| 000 | 00687nam a2200217Ia 4500 | ||
|---|---|---|---|
| 003 | GCL | ||
| 008 | 140319s9999 xx 000 0 ara d | ||
| 020 | _a1006300977 | ||
| 040 |
_aGCL / _cGCL |
||
| 082 | 0 | 4 |
_a923.2 _bص ق |
| 100 | 1 | _aايمن فؤاد سيد | |
| 245 | 1 | 0 |
_aالقانون فى ديوان الرسائل والاشارة الى من نال الوزارة / _cايمن فؤاد سيد |
| 250 | _aالاولى | ||
| 260 |
_aالقاهرة : _bالدار المصرية اللبنانية ، _c1990 |
||
| 300 |
_a148 ص ؛ _c20 سم |
||
| 490 | _a | ||
| 650 | 0 | 4 | _aالتراجم |
| 650 | 0 | 4 | _aرجال الدولة |
| 650 | 0 | 4 | _aالوزراء |
| 942 |
_2ddc _cBK |
||
| 999 |
_c35407 _d35407 |
||